Oeuvres de Saint Augustin
Պահպանված է:
| Ձևաչափ: | Գիրք |
|---|---|
| Լեզու: | ֆրանսերեն |
| Հրապարակվել է: |
París
Desclee de Brouwer
1976
|
| Հրատարակություն: | 3a. ed |
| Շարք: | Bibliotheque Augustinienne. Premiere Serie: Opuscules, 6
|
| Խորագրեր: | |
| Ցուցիչներ: |
Ավելացրեք ցուցիչ
Չկան պիտակներ, Եղեք առաջինը, ով նշում է այս գրառումը!
|
MARC
| LEADER | 00000nam a2200000 a 4500 | ||
|---|---|---|---|
| 001 | UCX7259 | ||
| 003 | CL-VaPUC | ||
| 008 | 931202e19760000FR |||||||||||||||||fre|d | ||
| 082 | 0 | 4 | |a 189.2 |b OEU |2 21 |
| 245 | 1 | 0 | |a Oeuvres de Saint Augustin |
| 246 | 1 | 0 | |a De Magistro |
| 246 | 1 | 0 | |a De Libero Arbitrio |
| 250 | |a 3a. ed | ||
| 300 | |a 608 p | ||
| 942 | |c BK | ||
| 945 | |d 19931202 00:00:00 |a mfernand | ||
| 260 | |a París |b Desclee de Brouwer |c 1976 | ||
| 600 | 0 | |a San Agustín de Hipona |x Teólogo y filósofo cristiano |9 311590 | |
| 650 | 0 | |a Filosofía medieval |9 256245 | |
| 650 | 0 | |a Filosofía cristiana |9 265980 | |
| 583 | |a last modification |c 19931202 00:00:00 |k Rodrigo Vera | ||
| 490 | 0 | |a Bibliotheque Augustinienne. Premiere Serie: Opuscules, 6 | |
| 999 | |c 227126 |d 227124 | ||
| 952 | |0 0 |1 0 |4 0 |6 189_200000000000000_OEU_1976 |7 0 |8 P |9 225922 |a BIBEDU |b BIBEDU |c BIBEDU_PB |d 2019-11-15 |h v.6 |i 295267K |o 189.2 OEU 1976 |p 295267K |r 2024-01-25 |w 2019-11-15 |y BK |k FIL | ||